000 00662nam a2200205Ia 4500
003 GCL
008 140319s9999 xx 000 0 ara d
040 _aGCL /
_cGCL
082 0 4 _a342.03
_bب ت
100 1 _aمحمد مندور
245 1 0 _aتاريخ اعلان حقوق الانسان /
_cمحمد مندور
700 1 _aبابية، البير
250 _aالاولى
260 _aالقاهرة :
_bلجنة التأليف والترجمة والنشر ،
_c1950
300 _a160ص ؛
_c24سم
650 0 4 _aالحقوق السياسية
650 0 4 _aحقوق الانسان
650 0 4 _aالعلوم السياسية
942 _2ddc
_cBK
999 _c42608
_d42608